Music Quiz

Random Music or Album Quiz
Score 0/15 Timer 06:00
3 Plays Today
Question Answer Wrong Answers
Which is not a Beatles album? Tattoo You
94.3%
Rubber Soul
3.7%
Abbey Road
0.6%
Magical Mystery Tour
1.5%
Which is not a Rolling Stones album? Hotel California
90.7%
Let It Bleed
2.7%
Some Girls
3.4%
Out of Our Heads
2.9%
Which is not a Journey album? Jazz
81.3%
Evolution
6.5%
Escape
4%
Frontiers
5.9%
Which is not a Billy Joel album? Goodbye Yellow Brick Road
80.5%
Storm Front
5.6%
An Innocent Man
3.1%
Glass Houses
6.2%
Which is not an Eagles album? Infinity
67.9%
One of These Nights
6.6%
On the Border
7.8%
Long Road Out of Eden
16.4%
Which is not a Yes album? A Hard Day's Night
66.4%
Close to the Edge
5.1%
Relayer
5.2%
90125
16.3%
Which is not an Elvis Costello and the Attractions album? Rumours
66%
Armed Forces
10.7%
Almost Blue
8.8%
Imperial Bedroom
10.8%
Which is not a Heart album? Night Moves
56.4%
Dog & Butterfly
11.8%
Bad Animals
11.7%
Magazine
13.6%
Which is not a Cat Stevens album? Dreamboat Annie
55.8%
Teaser and the Firecat
8%
Buddha and the Chocolate Box
16.4%
Catch Bull at Four
13.5%
Which is not a Queen album? Goodbye Cruel World
55.4%
News of the World
14%
The Game
23.5%
A Night at the Opera
4.7%
Which is not a Moody Blues album? Tea for the Tillerman
52.2%
On the Threshold of a Dream
10.8%
A Question of Balance
16.5%
Long Distance Voyager
14.4%
Which is not a Fleetwood Mac album? The Stranger
49.5%
Mystery to Me
13.8%
Then Play On
14.4%
Tango in the Night
18.2%
Which is not a Joe Walsh album? Days of Future Passed
47.8%
There Goes the Neighborhood
15.3%
But Seriously, Folks...
19.3%
You Can't Argue with a Sick Mind
11.9%
Which is not an Elton John album? So What
44.7%
Madman Across the Water
8.5%
Too Low for Zero
15.8%
Caribou
26.1%
Which is not a Bob Seger album? Fragile
42.9%
Stranger in Town
14.1%
Brand New Morning
12.5%
Smokin' O.P.'s
23.7%
Remove Ads.
Support Sporcle.
Get the best of Sporcle when you Go Orange. This ad-free experience offers more features, more stats, and more fun while also helping to support Sporcle. Thank you for becoming a member.

You're not logged in!

Compare scores with friends on all Sporcle quizzes.
OR
Log In

Show Comments

Extras

Top Quizzes Today


Score Distribution

Your Account Isn't Verified!

In order to create a playlist on Sporcle, you need to verify the email address you used during registration. Go to your Sporcle Settings to finish the process.

Report this User

Report this user for behavior that violates our Community Guidelines.

Details: